Геохимия подземных вод зоны гипергенеза; Тезисы докладов второго международного симпозиума по геохимии природных вод, 17-22 мая, 1982, Ростов-на-Дону

Detaylı Bibliyografya
Parent link:Тезисы докладов второго международного симпозиума по геохимии природных вод, 17-22 мая, 1982, Ростов-на-Дону.— 1982.— С. 269-270
Yazar: Шварцев С. Л. Степан Львович
Özet:В фонде НТБ ТПУ отсутствует
Dil:Rusça
Baskı/Yayın Bilgisi: 1982
Konular:
Materyal Türü: Kitap Bölümü
KOHA link:https://koha.lib.tpu.ru/cgi-bin/koha/opac-detail.pl?biblionumber=595891

MARC

LEADER 00000naa0a2200000 4500
001 595891
005 20250312105106.0
035 |a (RuTPU)RU\TPU\tpu\17774 
035 |a RU\TPU\tpu\15627 
090 |a 595891 
100 |a 20100628d1982 k y0rusy50 ca 
101 0 |a rus 
102 |a RU 
200 1 |a Геохимия подземных вод зоны гипергенеза  |f С. Л. Шварцев 
333 |a В фонде НТБ ТПУ отсутствует 
463 |t Тезисы докладов второго международного симпозиума по геохимии природных вод, 17-22 мая, 1982, Ростов-на-Дону  |v С. 269-270  |n [Б. и.]  |d 1982 
610 1 |a труды учёных ТПУ 
700 1 |a Шварцев  |b С. Л.  |c российский гидрогеолог, доктор геолого-минералогических наук  |c профессор Томского политехнического университета, академик РАЕН  |f 1936-  |g Степан Львович  |3 (RuTPU)RU\TPU\pers\25914 
801 1 |a RU  |b 63413507  |c 20090204  |g PSBO 
801 2 |a RU  |b 63413507  |c 20100628  |g PSBO 
942 |c BK